Normal view
MARC view
Entry Personal Name
001 - CONTROL NUMBER
- control field: 6612
003 - CONTROL NUMBER IDENTIFIER
- control field: OSt
005 - DATE AND TIME OF LATEST TRANSACTION
- control field: 20151215191606.0
008 - FIXED-LENGTH DATA ELEMENTS
- fixed length control field: 151215|| aca||aabn | a|a d
040 ## - CATALOGING SOURCE
- Original cataloging agency: OSt
- Transcribing agency: OSt
100 ## - HEADING--PERSONAL NAME
- Personal name: Ottaway A.K.C.
670 ## - SOURCE DATA FOUND
- Source citation: Work cat.: (OSt): Ottaway A.K.C., Education and Society., 1953
